Taylor Swift - Devine la chanson sans indices #64 - Statistiques

Statistiques générales
  • Ce quiz a été pris 209 fois
  • Le résultat moyen est 212 sur 320
Statistiques - réponses
Réponse % Correct
I
100%
you
99%
You
99%
The
94%
the
94%
me
93%
your
92%
to
88%
my
87%
be
86%
it
85%
And
84%
and
84%
so
84%
where
84%
You're
84%
you're
84%
in
81%
were
81%
for
80%
that
78%
What
74%
go
72%
if
72%
If
72%
of
72%
All
70%
all
70%
know
70%
as
69%
Never
69%
would
69%
could
68%
But
67%
I'd
67%
now
67%
think
66%
didn't
65%
head
64%
there
63%
kind,
61%
kind
61%
how
60%
loved
60%
forget
59%
up
59%
better
58%
'Cause
58%
from
58%
still
58%
Marjorie
57%
clever
56%
clever,
56%
should've
55%
Should've
55%
stay
55%
around
54%
every
54%
talking
53%
alive,
51%
alive
51%
down
51%
name
51%
You'd
50%
asked
49%
Asked
49%
dead
49%
died
49%
our
49%
much
48%
polite,
48%
polite
48%
power
48%
power,
48%
back
46%
questions
46%
signed
46%
way
46%
always
45%
such
45%
write
45%
feel
44%
taken
44%
them
44%
singing
42%
kept
41%
Long
39%
whole
39%
touch
38%
grocery
37%
complained
36%
dreams
36%
feet
36%
listening
36%
receipt
36%
skies
36%
store
36%
Watched
36%
autumn
35%
left
35%
wakes
35%
chill
33%
amber
31%
car
31%
stairs
30%
wield
30%
scrap
26%
past
25%
ride
22%
frozen
21%
closets
18%
swims
18%
limbs
14%
backlogged
11%
Aucun quiz correspondant
Distribution des résultats
% des personnes avec chaque résultat
Percentile par nombre de réponses
Votre historique - résultats
Vous n’avez pas pris ce quiz